| 000 | 00369nam a22001577a 4500 | ||
|---|---|---|---|
| 005 | 20230111100913.0 | ||
| 008 | 221220b |||||||| |||| 00| 0 eng d | ||
| 041 | _aeng | ||
| 082 | _a624.1 RAM-M | ||
| 100 |
_aRAHAMAN ,S K _97431 |
||
| 245 | _aMINING GEOLOGY -II | ||
| 260 |
_aHYDERABAD _bPLANET BOOK HOUSE |
||
| 300 | _a5.24;P. | ||
| 650 | _aMINING | ||
| 942 | _cBK | ||
| 999 |
_c8170 _d8168 |
||